Responses for Show #3007 - Tuesday, September 30, 1997

Contestants

[<< previous game]

Jason Russell, a history student from Cleveland, Tennessee

Shari Kenny, an aspiring dance caller from Walden, New York

Naomi Rose, a marine mammal scientist from Gaithersburg, Maryland (whose 1-day cash winnings total $8,201)

[next game >>]

Jeopardy! Round responses

THE 1880s
SINGING SIBLINGS
BUSINESS & INDUSTRY
"MONKEY" SHINES
INSIDE THE BELTWAY
SUN POTPOURRI
    $100 26
Thomas Edison

Naomi
    $100 13
The Everly Brothers

Naomi
    $100 21
Super Bowl XXXI

Shari
    $100 2
Monkey bars

Naomi
    $100 1
Newt Gingrich

Shari
    $100 8
Sunny side up

Jason
    $200 27
Clara Barton

Naomi
    $200 14
The Pointer Sisters

Jason
    $200 22
Corvette

Jason
    $200 4
Said the monkey to the chimp

Shari
    $200 3
Vermont

Shari
    $200 9
Japan

Shari
    $300 28
Washington Monument

Jason
    $300 15
David Cassidy

Naomi
    $300 23
Apple

Jason
    $300 5
Monkey wrench

Shari
    $300 18
Edward Kennedy

Naomi
    $300 10
Sun gods

Jason
    $400 29
New York

Shari
    $500 16
the Bee Gees

Naomi
    $400 24
(Alex: It worked!)

Coppertone

Shari
    $400 6
Monkey Business

Jason
    $400 19
Religion

Shari
    $400 11
(Jason: What are sunspots?)

solar flares

ShariJason
    $500 30
Oklahoma

Naomi
    $500 17
Sister Sledge

Jason
    $500 25
Tandy Corporation

Jason
    $500 7
"Scopes Monkey Trial"

Jason
    $500 20
(Shari: What is a ballot box?)

the hopper

Shari
Triple Stumper
    $500 12
Sunspots

Shari

Scores at the first commercial break (after clue 15):

Naomi Shari Jason
$500 $1,900 $1,100

Scores at the end of the Jeopardy! Round:

Naomi Shari Jason
$2,100 $2,700 $2,900

Double Jeopardy! Round responses

FOREIGN INVENTIONS
NOVELS' FIRST LINES
FOOD
ISLANDS
TV GUIDE'S 50 GREATEST STARS
"C" IN HISTORY
    $200 26
China

Jason
    $200 20
The Old Man and the Sea

Shari
    $200 6
Olive oil

Shari
    $200 11
Hawaii

Shari
    $200 1
(Shari: Who is Johnny Carson?)
(Jason: Who is Cronkite?)
(Naomi: Who is Bill Cosby?)

Bob Hope

NaomiShariJason
Triple Stumper
    $200 3
Cleopatra

Jason
    $400 27
Ball-point pen

Shari
    $400 21
(Jason: What is The Grapes of Wrath?)

East of Eden

Jason
Triple Stumper
    $400 7
Cream

Naomi
    $400 12
Prince Edward Island

Naomi
    $400 2
Walter Cronkite

Jason
    $400 4
Catherine the Great

Jason
    $600 28
Germany

Naomi
    $600 22
The Good Earth

Naomi
    $600 8
All three

Shari
    $600 13
Kodiak Island

Triple Stumper
    $600 15
Tom Selleck

Shari
    $600 5
(Jason: What is Chile?)

Colombia

ShariJason
    $1,800 29
(Alex: And Jacques Cousteau was very much involved in that.)

France

Naomi
    $800 23
The House Of The Seven Gables

Shari
    $800 9
(Shari: What is Divan?)
(Naomi: What is Cacciatore?)

Tetrazzini

NaomiShari
Triple Stumper
    $800 14
(Naomi: What is Corsica?)

Martinique

Naomi
Triple Stumper
    $800 16
Lassie or Miss Piggy

Naomi
    $800 18
Charles Martel

Jason
    $1000 30
England

Triple Stumper
    $1000 24
1984

Triple Stumper
    $1000 10
Rumaki

Shari
    $1,000 25
(Shari: What is Corsica?)

Minorca

Shari
    $1000 17
Bart Simpson or Rocky The Flying Squirrel

Jason
    $1000 19
(Shari: Who is Constantine?)

Caracalla

Shari
Triple Stumper

Scores at the end of the Double Jeopardy! Round:

Naomi Shari Jason
$4,900 $4,300 $4,700

[wagering suggestions for these scores]

Final Jeopardy! Round responses

SHAKESPEARE
ShariWhat is Henry VIII
$4,300
JasonWhat is Henry VIII
$4,700
NaomiWhat Henry VII
$4,501
Henry VIII

Final scores:

Naomi Shari Jason
$399 $8,600 $9,400
3rd place: Samsung 8mm Compact Hi-Fi Stereo Camcorder 2nd place: Trip to the Lazy K Bar Guest Ranch, Tuscon, Arizona New champion: $9,400

Game dynamics:

Coryat scores:

Naomi Shari Jason
$3,800 $5,300 $4,700
14 R
(including 2 DDs),
3 W
20 R,
5 W
(including 1 DD)
16 R,
4 W

Combined Coryat: $13,800

[game clues] [game scores] [suggest correction]

Game tape date: Unknown
The J! Archive is created by fans, for fans. Scraping, republication, monetization, and malicious use prohibited; this site may use cookies and collect identifying information. See terms. The Jeopardy! game show and all elements thereof, including but not limited to copyright and trademark thereto, are the property of Jeopardy Productions, Inc. and are protected under law. This website is not affiliated with, sponsored by, or operated by Jeopardy Productions, Inc. Join the discussion at JBoard.tv.